[Event "AUS-ch"]
[Site "Sydney"]
[Date "1995.??.??"]
[Round "1"]
[White "Canfell, Gregory"]
[Black "Johansen, Darryl K"]
[Result "1-0"]
[WhiteElo "2285"]
[BlackElo "2500"]

1.e4 c5 2.Nf3 e6 3.d4 cxd4 4.Nxd4 Nc6 5.Nc3 Qc7 6.Be2 a6 7.O-O Nf6 8.Kh1 d6
9.f4 Be7 10.Be3 O-O 11.Qe1 Bd7 12.Qg3 Nxd4 13.Bxd4 Bc6 14.Rae1 b5 15.a3 Qb7
16.Bd3 b4 17.axb4 Qxb4 18.Ne2 Qb7 19.e5 Nh5 20.Qh3 g6 21.Ng3 Nxg3+ 22.hxg3 dxe5
23.Bxe5 Rfe8 24.g4 Bf8 25.f5 exf5 26.gxf5 Bd5 27.Re2 Rad8 28.Rff2 Qc6 29.fxg6 fxg6
30.Rf6 Re6 31.Bxg6 hxg6 32.Rxf8+ Kxf8 33.Qh8+ Ke7 34.Bf6+ Kd6 35.Qxd8+ Kc5
36.Qa5+ Kd6 37.Qd8+ Kc5 38.Be7+ Kc4 39.b3+ Kc3 40.Qa5+ Kb2 41.Ba3+ Ka2 42.Bc5+ Kb1
43.Qe1+ Ka2 44.c4+ Rxe2 45.Qxe2+ Kxb3 46.Qd3+  1-0

[Event "Szekszard op "]
[Site "Szekszard"]
[Date "1995.??.??"]
[Round "?"]
[White "Halasz, Csaba"]
[Black "Nemeth, Antal"]
[Result "1/2-1/2"]
[WhiteElo "2220"]
[BlackElo "2265"]

1.e4 c5 2.Nf3 Nc6 3.d4 cxd4 4.Nxd4 e6 5.Nc3 Qc7 6.Be3 a6 7.Bd3 Nf6 8.O-O Ne5
9.h3 Bc5 10.Qe2 b5 11.f4 Nxd3 12.cxd3 Qa7 13.Nc2 Bb7 14.Qf2 Rc8 15.Bxc5 Qxc5
16.Qxc5 Rxc5 17.Ne3 d6 18.Rac1 Kd7 19.Ne2 Rhc8 20.Kf2 h5 21.Rxc5 dxc5 22.g4 hxg4
23.hxg4 c4 24.Rd1 Ke8 25.e5 cxd3 26.Rxd3 Ne4+ 27.Ke1 Ke7 28.Nc3 Nc5 29.Rd4 Rh8
30.b4 Rh1+ 31.Kd2 Nd7 32.Kc2 Rg1 33.Ne2 Re1 34.Kd2 Rh1 35.Kc2 Rh2 36.Rd2 Rh3
37.Kd3 Nb6 38.Kd4 f6 39.Rc2 Kd7 40.Nc3 Rf3 41.Ne2 Rf2 42.Kd3 Bd5 43.a3 Bb3
44.Rd2 Ke7 45.Kc3 Bc4 46.Nxc4 Nxc4 47.exf6+ gxf6 48.Ra2 Rg2 49.g5 fxg5 50.fxg5 Rxg5
51.a4 Re5 52.axb5 axb5 53.Nd4 Re3+ 54.Kc2 Nd6 55.Ra7+ Kf6 56.Ra6 Ke5 57.Nxb5  1/2-1/2

[Event "Szekszard op "]
[Site "Szekszard"]
[Date "1995.??.??"]
[Round "?"]
[White "Molnar, B."]
[Black "Monda, Laszlo"]
[Result "1-0"]
[WhiteElo "2340"]
[BlackElo "2185"]

1.e4 c5 2.Nc3 Nc6 3.Nf3 e6 4.d4 cxd4 5.Nxd4 Qc7 6.g3 a6 7.Bg2 Nf6 8.O-O Nxd4
9.Qxd4 Bc5 10.Bf4 d6 11.Qd2 e5 12.Bg5 Be6 13.a3 h6 14.Bxf6 gxf6 15.Nd5 Bxd5
16.exd5 h5 17.Qd3 Ke7 18.h3 Rac8 19.Be4 Ba7 20.Bf5 Rb8 21.Rac1 Qb6 22.b4 h4
23.g4 Qd4 24.Qxd4 Bxd4 25.c3 Bb6 26.c4 Bd4 27.c5 dxc5 28.bxc5 Bb2 29.Rc4 b5
30.d6+ Kf8 31.Rc2 Bxa3 32.Ra1 b4 33.Rd2 Kg7 34.c6 Rb6 35.c7 Rc6 36.Be4 Rc4
37.Rc2 Rd4 38.Rc6 a5 39.Bf5  1-0

[Event "Szekszard op "]
[Site "Szekszard"]
[Date "1995.??.??"]
[Round "?"]
[White "Bokros, Albert"]
[Black "Nemeth, Antal"]
[Result "0-1"]
[WhiteElo "2180"]
[BlackElo "2265"]

1.e4 c5 2.Nf3 Nc6 3.d4 cxd4 4.Nxd4 e6 5.Nc3 Qc7 6.g3 a6 7.Bg2 Nf6 8.O-O Bc5
9.Be3 Ne5 10.Bf4 d6 11.Nb3 Ba7 12.a4 Bd7 13.Qe2 Nc4 14.Rab1 O-O 15.Qd3 Ne5
16.Qd2 Nc4 17.Qd3 Ng4 18.Nd2 Nge5 19.Qe2 Nxb2 20.Rxb2 Qxc3 21.Ra2 Rfc8 22.Rb1 b5
23.Rb3 Qa5 24.Bxe5 dxe5 25.Rd3 Be8 26.Nb3 Qb6 27.a5 Qc7 28.Qd2 Rd8 29.Bf1 Rac8
30.Ra1 f6 31.Rd1 Rxd3 32.Bxd3 Bh5 33.Re1 Qc3 34.Qxc3 Rxc3 35.Kg2 Kf8 36.f3 Ke7
37.Rd1 Be8 38.Kf1 g5 39.g4 h5 40.h3 h4 41.Ke2 Bd4 42.Kd2 Rc6 43.Kc1 Bc3 44.Be2 Bd7
45.Rd3 Kd8 46.Kb1 Kc7 47.Rd1 Be8 48.Rd3 Bb4 49.Kb2 Bg6 50.c3 Bc5 51.Rd1 Be3
52.Rd3 Bf4 53.Rd1 f5 54.Bd3 fxg4 55.fxg4 Rd6 56.Kc2 Kb8 57.Rf1 Be8 58.Rd1 Bc6
59.Nc5 Ka7 60.Rf1 Be8 61.Nb3 b4 62.c4 Ba4 63.Rd1 Be3 64.Be2 Bd4 65.Rf1 Rd7
66.Rf6 Bc3 67.Bf1 Rd2+ 68.Kc1 Bxb3 69.Rf7+ Kb8 70.Rf8+ Kc7 71.Rf7+ Kd8  0-1

[Event "Tel Aviv "]
[Site "Tel Aviv "]
[Date "1995.??.??"]
[Round "?"]
[White "Tseitlin, Mark D"]
[Black "Soffer, Ram"]
[Result "1/2-1/2"]
[WhiteElo "2495"]
[BlackElo "2535"]

1.e4 c5 2.Nf3 e6 3.d4 cxd4 4.Nxd4 Nc6 5.Nc3 Qc7 6.Be3 a6 7.Be2 Nf6 8.a3 Be7
9.f4 d6 10.g4 Nd7 11.g5 h6 12.Nf3 b5 13.Qd2 Bb7 14.h4 Na5 15.O-O-O Nc4 16.Bxc4 Qxc4
17.Bd4 f6 18.gxf6 gxf6 19.Qg2 e5 20.fxe5 fxe5 21.Be3 Nf6 22.Nd2 Qe6 23.Rhf1 Rg8
24.Qe2 Rc8 25.Kb1 Rxc3 26.bxc3 Nxe4 27.Nxe4 Bxe4 28.Bc1 Bg6 29.Bb2 Bxh4 30.c4 bxc4
31.Rf4 Be7 32.Rdf1 Kd7 33.Rxc4 Bf7 34.Rxf7 Qxf7 35.Rb4 Rg1+ 36.Bc1 Qf1 37.Rb7+ Ke6
38.Qe3 Rg4 39.Qxh6+ Qf6 40.Qh5 Qg6 41.Qh8 Rg1 42.Qh3+ Qg4 43.Qh6+ Bf6 44.Qh7 Rxc1+
45.Kxc1 Qg1+ 46.Kb2 e4+ 47.c3 Bxc3+ 48.Kxc3 Qe3+ 49.Kb4 Qc5+ 50.Ka4 Qc6+
51.Kb3 Qd5+ 52.Kc3 Qd3+ 53.Kb2 Qd2+ 54.Kb1 Qd1+ 55.Ka2 Qc2+ 56.Rb2 Qc4+ 57.Kb1 Qf1+
58.Kc2 Qd3+ 59.Kc1 Qf1+ 60.Kd2 Qf2+ 61.Kc3 Qc5+ 62.Kd2 Qf2+ 63.Kc3 Qc5+ 64.Kb3 Qb5+
65.Ka2 Qc4+ 66.Rb3 Qc2+ 67.Rb2 Qc4+  1/2-1/2

[Event "Terrasa op"]
[Site "Terrasa"]
[Date "1995.??.??"]
[Round "3"]
[White "Rodriguez Vargas, Orestes"]
[Black "Cramling, Pia"]
[Result "1/2-1/2"]
[WhiteElo "2420"]
[BlackElo "2510"]

1.e4 c5 2.Nf3 e6 3.d4 cxd4 4.Nxd4 Nc6 5.Nc3 a6 6.Be3 d6 7.Be2 Nf6 8.O-O Be7
9.Kh1 O-O 10.f4 Qc7 11.Bf3 Nxd4 12.Qxd4  1/2-1/2

[Event "Terrasa op"]
[Site "Terrasa"]
[Date "1995.??.??"]
[Round "5"]
[White "De la Riva Aguado, Oscar"]
[Black "Cuadras, Jorge"]
[Result "1-0"]
[WhiteElo "2430"]
[BlackElo "2305"]

1.e4 c5 2.Nf3 e6 3.d4 cxd4 4.Nxd4 Nc6 5.Nc3 d6 6.Be3 Nf6 7.Qd2 Be7 8.f3 O-O
9.O-O-O a6 10.g4 Nd7 11.Kb1 Nde5 12.Qf2 Rb8 13.h4 b5 14.g5 Nxd4 15.Bxd4 Nc6
16.Be3 b4 17.Na4 e5 18.Bc4 Be6 19.Bd5 Qc7 20.h5 Rb5 21.Rhg1 Bxd5 22.exd5 Na5
23.b3 f5 24.gxf6 Bxf6 25.h6 g6 26.Rg4 Qf7 27.Qd2 Bh8 28.Qd3 Qf5 29.Qe4 Qxe4
30.fxe4 Rf3 31.Re1 Bf6 32.Kb2 Rh3 33.Rg2 Rh4 34.Rf1 Bh8 35.Rgf2 Rb8 36.Bg5 Rxe4
37.Bf6 Bxf6 38.Rxf6 Rf4 39.R6xf4 exf4 40.Rxf4 Rb5 41.c4 bxc3+ 42.Nxc3 Rb8
43.Ra4 Nb7 44.Rxa6 Re8 45.Nb5 g5 46.Ra7 Re7 47.Kc1 Kf8 48.Nd4 g4 49.Ne6+ Kf7
50.Ra4 Kg6 51.Rxg4+ Kxh6 52.b4 Kh5 53.Rg8 Kh4 54.a4 h5 55.Rg7 Rxg7 56.Nxg7 Kg4
57.Nxh5 Kxh5 58.a5  1-0

[Event "Terrasa op"]
[Site "Terrasa"]
[Date "1995.??.??"]
[Round "8"]
[White "Jurkovic, Ante"]
[Black "De la Riva Aguado, Oscar"]
[Result "0-1"]
[WhiteElo "2330"]
[BlackElo "2430"]

1.e4 c5 2.Nf3 e6 3.d4 cxd4 4.Nxd4 Nc6 5.Nc3 Qc7 6.f4 a6 7.Nf3 b5 8.Bd3 Bc5
9.Qe2 Nd4 10.Nxd4 Bxd4 11.Bd2 Bb7 12.a4 b4 13.Nd1 Nf6 14.c3 bxc3 15.bxc3 Bc5
16.e5 Nd5 17.Rb1 O-O 18.c4 Ne7 19.Be3 Bxe3 20.Nxe3 f5 21.O-O Rab8 22.Qf2 Bc6
23.Bc2 Qa5 24.h4 Qc5 25.Kh2 Kh8 26.h5 Ng8 27.Kg1 a5 28.Rfd1 Nh6 29.Ng4 Qxc4
30.Nxh6 gxh6 31.Kh2 Rxb1 32.Rxb1 Rg8 33.g3 Qa2 34.Rf1 Rb8 35.Qc5 Qd5 36.Qxd5 Bxd5
37.Rf2 Rb2 38.Kg1 Kg7 39.Kf1 Kf8 40.Ke1 Ke7 41.Kd2 Ra2 42.Kc3 d6 43.Rf1 Kd7
44.Rb1 Rxc2+  0-1

[Event "JUG-chT"]
[Site "Tivat"]
[Date "1995.??.??"]
[Round "1"]
[White "Jovicevic, Bozidar"]
[Black "Brajovic, Radovan"]
[Result "0-1"]
[WhiteElo "2280"]
[BlackElo "2385"]

1.e4 c5 2.Nc3 Nc6 3.Nf3 e6 4.d4 cxd4 5.Nxd4 Qc7 6.Be2 a6 7.O-O Nf6 8.Be3 Bb4
9.Na4 Be7 10.Nxc6 bxc6 11.Nb6 Rb8 12.Nxc8 Qxc8 13.e5 Nd5 14.Bc1 Bc5 15.c4 Ne7
16.b3 Ng6 17.Bb2 Qc7 18.Kh1 O-O 19.f4 a5 20.Qc2 d6 21.exd6 Bxd6 22.g3 Rfd8
23.Rad1 Be7 24.Bf3 Bf6 25.Bxf6 gxf6 26.Qc3 f5 27.h4 h6 28.h5 Nf8 29.Qf6 Nh7
30.Qxh6 Rxd1 31.Rxd1 Kh8 32.g4 fxg4 33.Bxg4 Qe7 34.Bh3 Qh4 35.Kh2 Rg8  0-1

[Event "JUG-chT"]
[Site "Tivat"]
[Date "1995.??.??"]
[Round "4"]
[White "Kosanovic, Goran A"]
[Black "Rajkovic, Dusan"]
[Result "0-1"]
[WhiteElo "2400"]
[BlackElo "2480"]

1.e4 c5 2.Nf3 e6 3.d4 cxd4 4.Nxd4 Nc6 5.Nc3 Qc7 6.Be2 a6 7.f4 d6 8.Be3 Nf6
9.Qd2 Be7 10.O-O-O h5 11.h3 h4 12.Rhe1 Bd7 13.Nb3 Rc8 14.Bf3 b5 15.Qf2 b4
16.Na4 e5 17.Nb6 Rb8 18.Nd5 Nxd5 19.exd5 Na5 20.Nxa5 Qxa5 21.fxe5 dxe5 22.Ba7 b3
23.cxb3 Qxa2 24.Bxb8 O-O 25.Bxe5 Rc8+ 26.Kd2 Qxb3 27.Be4 Bb4+ 28.Ke2 Bb5+
29.Rd3 Rc2+  0-1

[Event "Tivat op"]
[Site "Tivat"]
[Date "1995.??.??"]
[Round "4"]
[White "Timoshenko, Georgy"]
[Black "Brajovic, Radovan"]
[Result "1-0"]
[WhiteElo "2555"]
[BlackElo "2340"]

1.e4 c5 2.Nf3 e6 3.d4 cxd4 4.Nxd4 Nc6 5.Nc3 Qc7 6.g3 a6 7.Bg2 Nf6 8.O-O Bc5
9.Nb3 Be7 10.f4 d6 11.a4 O-O 12.g4 d5 13.exd5 Rd8 14.g5 Nxd5 15.Nxd5 exd5
16.f5 d4 17.Kh1 Bf8 18.Bf4 Bd6 19.Qd2 Bxf4 20.Rxf4 Ne5 21.Nxd4 Nc4 22.Qf2 Nxb2
23.Rf1 Nc4 24.g6 f6 25.gxh7+ Kh8 26.Ne6 Bxe6 27.fxe6 Ne5 28.Be4 Rab8 29.a5 Qe7
30.Bf5 Rd5 31.Rd4 Rxa5 32.Rfd1 g6 33.Bh3 f5 34.Qd2 Nc6 35.Rd6 Re5 36.Qc3 Qf6
37.e7 Qxe7 38.Rxg6 Kxh7 39.Rdg1 Qc5 40.Bxf5  1-0

[Event "JUG-chT"]
[Site "Tivat"]
[Date "1995.??.??"]
[Round "5"]
[White "Ivanovic, Bozidar"]
[Black "Zvjaginsev, Vadim"]
[Result "1-0"]
[WhiteElo "2495"]
[BlackElo "2600"]

1.e4 c5 2.Nf3 e6 3.d4 cxd4 4.Nxd4 Nc6 5.Nc3 Qc7 6.Be2 Nf6 7.O-O b6 8.Bg5 Bb7
9.Ndb5 Qb8 10.Qd2 Bc5 11.Rad1 Ne5 12.Bxf6 gxf6 13.Na4 Be7 14.f4 Ng6 15.Qxd7+ Kf8
16.f5 Ne5 17.Qd2 Rg8 18.Nac3 Rg7 19.Kh1 Kg8 20.Qh6 Kh8 21.Qh3 Qg8 22.Nd6 Bc8
23.Nc4 Nc6 24.e5 Rb8 25.exf6 Bxf6 26.Ne4 Bd8 27.f6 Rg6 28.Ncd6 Bc7 29.Qc3 Bb7
30.Nxb7 Rxb7 31.Qxc6 Bxh2 32.Kxh2 Rxg2+ 33.Kh1 Rxe2 34.Rg1  1-0

[Event "Tivat op"]
[Site "Tivat"]
[Date "1995.??.??"]
[Round "6"]
[White "Nikolov, Sasho"]
[Black "Arsovic, Zoran"]
[Result "1/2-1/2"]
[WhiteElo "2370"]
[BlackElo "2430"]

1.e4 c5 2.Nf3 e6 3.d4 cxd4 4.Nxd4 Nc6 5.Nc3 d6 6.Be3 Nf6 7.f4 e5 8.Nf3 Ng4
9.Qd2 Nxe3 10.Qxe3 exf4 11.Qxf4 Be7 12.O-O-O Be6 13.Nd5 O-O 14.Bc4 Re8 15.Kb1 Bf8
16.Rhf1 Rc8 17.Ng5 Qd7 18.Qh4 h6 19.Nxe6 fxe6 20.Qxh6 Nb4 21.Bb5 exd5 22.Bxd7 gxh6
23.exd5 Bg7 24.c3 Na6 25.Be6+ Rxe6 26.dxe6 Be5 27.Rf7 Nc5 28.Rdf1 Re8 29.e7 Nd7
30.h4 Bg7 31.g4 Ne5 32.R7f5 Nxg4 33.Rg1 Ne5 34.Rf6 Kh7 35.Rxd6 Rxe7 36.Re1 Rf7
37.Re4 h5 38.a4 Rf6 39.Rd5 Re6 40.Rd7 Nxd7 41.Rxe6 Nc5 42.Re7 Kg6 43.a5 Bf6
44.Rc7 b6 45.Rxa7 bxa5 46.Rxa5 Ne4 47.Kc2 Bxh4 48.Kd3 Ng5 49.Ra6+ Kf5 50.Rh6 Kg4
51.c4 Bg3 52.c5 h4 53.b4 h3 54.Ke2 h2 55.Kf1 Nh3 56.Kg2 Nf4+ 57.Kh1 Nd3  1/2-1/2

[Event "JUG-chT"]
[Site "Tivat"]
[Date "1995.??.??"]
[Round "6"]
[White "Todorovic, Goran M"]
[Black "Djuric, Stefan"]
[Result "0-1"]
[WhiteElo "2465"]
[BlackElo "2470"]

1.e4 c5 2.Nf3 e6 3.d4 cxd4 4.Nxd4 Nc6 5.Nc3 Qc7 6.Be2 a6 7.O-O Nf6 8.Be3 Bb4
9.Na4 O-O 10.c4 Be7 11.f3 d5 12.exd5 exd5 13.c5 Bd7 14.Nb6 Rad8 15.Rc1 Bxc5
16.Rxc5 Qxb6 17.Nxc6 Bxc6 18.Bd4 Qc7 19.Qd2 Nd7 20.Rc3 Rfe8 21.Bd3 Nf8 22.Qf2 Qf4
23.Bb6 Rc8 24.g3 Qg5 25.h4 Qh6 26.Kh2 Bb5 27.Bxb5 axb5 28.Rd1 Rxc3 29.bxc3 Qc6
30.Bd4 Qc4 31.Rd2 h5 32.Kg2 Ne6 33.Be5 Nd8 34.Bf4 Nc6 35.Kh2 Re6 36.Kg2  0-1

[Event "JUG-chT"]
[Site "Tivat"]
[Date "1995.??.??"]
[Round "6"]
[White "Kosanovic, Goran A"]
[Black "Mackic, Zoran"]
[Result "1-0"]
[WhiteElo "2400"]
[BlackElo "2430"]

1.e4 c5 2.Nf3 e6 3.d4 cxd4 4.Nxd4 Nc6 5.Nc3 Qc7 6.Be2 a6 7.f4 b5 8.Nxc6 Qxc6
9.Bf3 Bb7 10.Be3 b4 11.e5 Qc7 12.Ne4 Rd8 13.Qd4 Nh6 14.Nd6+ Bxd6 15.exd6 Qb8
16.Qxg7 Rg8 17.Qxh6 Bxf3 18.Qxh7 Kf8 19.gxf3 Qxd6 20.Bd2 Qc5 21.O-O-O f5
22.Kb1 Rg2 23.Qh8+ Ke7 24.Qe5  1-0

[Event "Tivat op"]
[Site "Tivat"]
[Date "1995.??.??"]
[Round "8"]
[White "Pikula, Dejan"]
[Black "Nikolov, Sasho"]
[Result "1-0"]
[WhiteElo "2450"]
[BlackElo "2370"]

1.e4 c5 2.Nf3 e6 3.d4 cxd4 4.Nxd4 Nc6 5.Nc3 Qc7 6.Be3 a6 7.Bd3 Nf6 8.Qe2 Be7
9.O-O O-O 10.Nxc6 bxc6 11.f4 d6 12.g4 Re8 13.Rae1 Bb7 14.g5 Nd7 15.Nd1 c5
16.c4 f5 17.Nc3 g6 18.exf5 exf5 19.Nd5 Bxd5 20.cxd5 Bf8 21.Qc2 Bg7 22.Bf2 Qb7
23.Rxe8+ Rxe8 24.Qa4 Re7 25.Qxa6 Qxa6 26.Bxa6 Bxb2 27.Rb1 Bd4 28.Rb7 Kf7
29.Bb5 Bxf2+ 30.Kxf2 Nf8 31.Rxe7+ Kxe7 32.a4  1-0

[Event "JUG-chT"]
[Site "Tivat"]
[Date "1995.??.??"]
[Round "8"]
[White "Damjanovic, Vladimir"]
[Black "Rajkovic, Dusan"]
[Result "1/2-1/2"]
[WhiteElo "2435"]
[BlackElo "2480"]

1.e4 c5 2.Nf3 e6 3.d4 cxd4 4.Nxd4 Nc6 5.Nc3 Qc7 6.f4 a6 7.Be2 d6 8.Be3 Nf6
9.O-O Be7 10.Qe1 O-O 11.Qg3 Nd7 12.Kh1 Bf6 13.Rad1 Ne7 14.f5 e5 15.Nf3 b5
16.a3 Rb8 17.Qe1 b4 18.axb4 Rxb4 19.g4 Rxb2 20.g5 Rxc2 21.Rc1  1/2-1/2

[Event "JUG-chT"]
[Site "Tivat"]
[Date "1995.??.??"]
[Round "10"]
[White "Damjanovic, Vladimir"]
[Black "Mackic, Zoran"]
[Result "1/2-1/2"]
[WhiteElo "2435"]
[BlackElo "2430"]

1.e4 c5 2.Nf3 e6 3.d4 cxd4 4.Nxd4 Nc6 5.Nc3 Qc7 6.f4 a6 7.Be2 b5 8.Nxc6 Qxc6
9.Bf3 Bb7 10.Qd3 Rc8 11.Be3 d6 12.a3 Qc4 13.O-O Nf6 14.Rae1 Qxd3 15.cxd3 Nd7
16.Rc1 Be7 17.a4 bxa4 18.Nxa4 O-O 19.Kf2  1/2-1/2

[Event "JUG-chT"]
[Site "Tivat"]
[Date "1995.??.??"]
[Round "10"]
[White "Ivanisevic, Ivan"]
[Black "Stankovic, Dragan"]
[Result "0-1"]
[WhiteElo "2315"]
[BlackElo "2310"]

1.e4 c5 2.Nc3 Nc6 3.Nf3 e6 4.d4 cxd4 5.Nxd4 Nf6 6.Ndb5 d6 7.Bf4 e5 8.Nd5 Nxd5
9.exd5 exf4 10.dxc6 bxc6 11.Qf3 d5 12.O-O-O a6 13.Nd4 Bd7 14.Qxf4 Be7 15.h4 O-O
16.Nf5 Bxf5 17.Qxf5 Bf6 18.h5 Rb8 19.c3 g6 20.Qc2 Bg7 21.Rh3 c5 22.Kb1 d4
23.hxg6 hxg6 24.Bc4 Rb6 25.cxd4 cxd4 26.Qd3 Qd6 27.f4 Qf6 28.Rf1 Rfb8 29.b3 a5
30.f5 g5 31.a4 Rb4 32.Ka2 Kf8 33.Re1 Qc6 34.f6 Bxf6 35.Rf3 Kg7 36.Rxf6 Rxa4+
37.Kb2 Qxc4 38.Qxc4 Rxc4 39.Ref1 a4 40.Rxf7+ Kg8 41.R7f3 Rxb3+ 42.Rxb3 axb3
43.Rf5 Rc2+ 44.Kxb3 Rxg2 45.Kc4 Rg4 46.Rd5 Kg7 47.Rd6 Rf4 48.Kd5 Rf6 49.Rd7+ Kg6
50.Kxd4 Re6 51.Kd3 Kh5  0-1

[Event "Tivat op"]
[Site "Tivat"]
[Date "1995.??.??"]
[Round "10"]
[White "Vasiukov, Evgeni"]
[Black "Vratonjic, Slobodan"]
[Result "0-1"]
[WhiteElo "2490"]
[BlackElo "2430"]

1.e4 c5 2.Nf3 e6 3.Nc3 Nc6 4.d4 cxd4 5.Nxd4 Qc7 6.Ndb5 Qb8 7.Be3 Nf6 8.a3 Be7
9.f4 d6 10.Be2 O-O 11.O-O a6 12.Nd4 Nxd4 13.Qxd4 b5 14.Rad1 Bb7 15.f5 e5
16.Qd3 d5 17.exd5 Rd8 18.Bf3 h6 19.Bb6 Rd7 20.Kh1 a5 21.Ne4 Nxd5 22.Qxb5 Nxb6
23.Rxd7 Ba6 24.Qxa6 Rxa6 25.Rxe7 Kf8 26.Nc5 Kxe7 27.f6+ gxf6 28.Nxa6 Qc8
29.Be2 Qxc2 30.Bb5 Qxb2 31.a4 Nxa4 32.Bxa4 Qe2 33.Rb1 Qxa6 34.Rb5 Qc8 35.g3 Qc4
36.Rb7+ Kd8  0-1

[Event "Tomo Zupan op"]
[Site "Tomo Zupan"]
[Date "1995.??.??"]
[Round "9"]
[White "Gaspersic, M."]
[Black "Susnik, Matej"]
[Result "0-1"]
[WhiteElo "1835"]
[BlackElo "2255"]

1.e4 c5 2.Nf3 e6 3.d4 cxd4 4.Nxd4 Nc6 5.Nc3 Qc7 6.Be3 a6 7.a4 Nf6 8.Nb3 b6
9.Be2 Be7 10.O-O O-O 11.f4 d6 12.Bf3 Bb7 13.Kh1 Rfe8 14.Qe1 Rab8 15.Qf2 Ba8
16.Be2 Nb4 17.Bf3 d5 18.exd5 Nbxd5 19.Nxd5 Nxd5 20.Bd4 Qxf4 21.Qg1 Qc7 22.Qf2 e5
23.Bc3 Bd6 24.Be1 e4 25.Bh5 Nf4 26.Qh4 e3 27.Bf3 e2 28.Rf2 Ng6 29.Qh3 Qxc2
30.Bxa8 Rxa8 31.Qf3 Ne5 32.Qd5 Rad8 33.Rc1 Qxb2 34.Bc3 Qxc3  0-1

[Event "Toronto op"]
[Site "Toronto"]
[Date "1995.??.??"]
[Round "6"]
[White "Spraggett, Kevin"]
[Black "Krnic, Zdenko"]
[Result "1-0"]
[WhiteElo "2520"]
[BlackElo "2450"]

1.e4 c5 2.Nf3 Nc6 3.d4 cxd4 4.Nxd4 e6 5.Nc3 a6 6.Nxc6 bxc6 7.Bd3 d5 8.O-O Bb7
9.b3 Nf6 10.Bb2 Be7 11.Qe2 Qc7 12.Rae1 Nd7 13.Na4 Bf6 14.e5 Be7 15.c4 dxc4
16.Bxc4 Nb6 17.Nxb6 Qxb6 18.Qg4 g6 19.Rd1 h5 20.Qf4 g5 21.Qg3 g4 22.Qf4 Rd8
23.Rd6 Rg8 24.Rxd8+ Qxd8 25.Qe4 Qc7 26.Qh7 Rg5 27.Bc1 Qxe5 28.Bxg5 Qxg5 29.Qd3 Qa5
30.Rd1 Qb6 31.Qh7 Qc5 32.Bxe6 fxe6 33.Qg8+ Bf8 34.Qxe6+ Qe7 35.Qg6+ Qf7 36.Rd8+  1-0

[Event "Toronto op"]
[Site "Toronto"]
[Date "1995.??.??"]
[Round "7"]
[White "Spraggett, Kevin"]
[Black "Livshits, Ron"]
[Result "1-0"]
[WhiteElo "2520"]
[BlackElo "2365"]

1.e4 c5 2.Nc3 Nc6 3.Nge2 e6 4.d4 cxd4 5.Nxd4 Qc7 6.Be3 a6 7.Bd3 Nf6 8.O-O Nxd4
9.Bxd4 Bc5 10.Bxc5 Qxc5 11.Qd2 O-O 12.Rae1 d6 13.Kh1 b5 14.f4 b4 15.Na4 Qa5
16.b3 d5 17.e5 Ng4 18.h3 Nh6 19.g4 Bd7 20.f5 Rfb8 21.f6 Qd8 22.Nc5 Bc8 23.Qg5 Qf8
24.fxg7 Qxg7 25.Qh5 Kf8 26.Rf6 Ng8 27.Ref1 Nxf6 28.exf6 Qg8 29.Qe5 Ke8 30.Qc7 Qf8
31.Bxa6  1-0

[Event "FRA-ch"]
[Site "Toulouse"]
[Date "1995.??.??"]
[Round "1"]
[White "Degraeve, Jean Marc"]
[Black "Relange, Eloi"]
[Result "1-0"]
[WhiteElo "2410"]
[BlackElo "2455"]

1.e4 c5 2.Nf3 e6 3.d4 cxd4 4.Nxd4 Nc6 5.Nc3 Qc7 6.Be3 a6 7.Qd2 Nf6 8.O-O-O Bb4
9.f3 Ne5 10.Nb3 O-O 11.Bd4 b5 12.Qg5 Bd6 13.Kb1 Ng6 14.Bxf6 Bf4 15.Qc5 gxf6
16.g3 Qxc5 17.Nxc5 Be3 18.Nb3 Rd8 19.Bg2 Bb6 20.f4 Bb7 21.Rd6 Bc7 22.Rd2 Kf8
23.Rhd1 Ke7 24.Nc5 Bc6 25.e5 Bxg2 26.Rxd7+ Rxd7 27.Rxd7+ Ke8 28.Rxc7 fxe5
29.N3e4 Bxe4 30.Nxe4 exf4 31.Nf6+ Kf8 32.Nxh7+ Kg7 33.Ng5 Kf6 34.gxf4 Nxf4
35.h4 e5 36.Rxf7+ Kg6 37.b3 Rh8 38.Re7 Rxh4 39.Rxe5 Kf6 40.Rc5 Ne2 41.Nf3 Rf4
42.Ne5 Ke6 43.Nd3 Rf1+ 44.Kb2 Kd6 45.Rc8 Rf6 46.Nb4 Nd4 47.Nxa6  1-0

[Event "SVK-ch"]
[Site "Trencin"]
[Date "1995.??.??"]
[Round "2"]
[White "Gazik, Igor"]
[Black "Kawaciukova, Zuzana"]
[Result "0-1"]
[WhiteElo "2385"]
[BlackElo "2080"]

1.e4 c5 2.Nf3 e6 3.d4 cxd4 4.Nxd4 Nc6 5.Nc3 Qc7 6.Be2 a6 7.O-O Nf6 8.Bg5 Be7
9.Kh1 b5 10.a3 Bb7 11.f4 h6 12.Bxf6 gxf6 13.Bh5 Rh7 14.f5 O-O-O 15.Nxc6 Bxc6
16.Qd3 Bd6 17.a4 b4 18.Ne2 Bb7 19.c3 b3 20.h3 Be5 21.Nd4 Rg7 22.Ra3 Rg3 23.Bf3 d5
24.exd5 Rxd5 25.Rxb3 Qd7 26.fxe6 fxe6 27.Qc4+ Bc7 28.Qb4 Ba8 29.Qf8+ Bd8
30.Qb4 Bc7 31.Qf8+ Bd8 32.Ne2 Rd1 33.Nxg3 Bxf3 34.gxf3 Rxf1+ 35.Nxf1 Qd1  0-1

[Event "SVK-ch"]
[Site "Trencin"]
[Date "1995.??.??"]
[Round "6"]
[White "Gazi, Mikulas"]
[Black "Kawaciukova, Zuzana"]
[Result "0-1"]
[WhiteElo "2240"]
[BlackElo "2110"]

1.e4 c5 2.Nf3 e6 3.d4 cxd4 4.Nxd4 Nc6 5.Nc3 Qc7 6.Be2 a6 7.O-O Nf6 8.Be3 Bb4
9.Na4 b5 10.Nxc6 dxc6 11.Nb6 Rb8 12.Nxc8 Rxc8 13.f4 Rd8 14.Bd3 Nxe4 15.f5 Bd6
16.Qh5 Nf6 17.Qh4 Bxh2+ 18.Kh1 Qg3 19.Bg5 Qxh4 20.Bxh4 Be5 21.fxe6 Bxb2 22.Rae1 Bc3
23.Re2 Rd6 24.Bf5 fxe6 25.Bxe6 Rd2 26.Re3 Bd4 27.Ree1 Ke7 28.Rf4 Kd6 29.Bg3 Be5
30.Bf5 Nh5 31.Rd4+ Rxd4 32.Bxe5+ Kd5 33.Bxd4 Kxd4 34.Re7 Ng3+  0-1

[Event "SVK-ch"]
[Site "Trencin"]
[Date "1995.??.??"]
[Round "9"]
[White "Oral, Tomas"]
[Black "Kogan, Artur"]
[Result "0-1"]
[WhiteElo "2410"]
[BlackElo "2495"]

1.e4 c5 2.Nf3 e6 3.d4 cxd4 4.Nxd4 Nc6 5.Nc3 Qc7 6.Be3 a6 7.Bd3 Nf6 8.O-O Ne5
9.h3 Bc5 10.Kh1 d6 11.f4 Ng6 12.Qe2 b5 13.Nb3 Bxe3 14.Qxe3 O-O 15.Rae1 Bb7
16.e5 dxe5 17.fxe5 Nd7 18.Bxg6 hxg6 19.Qf4 Rac8 20.Nd4 Qc4 21.Ne4 Bxe4 22.Rxe4 Nc5
23.Ree1 Rcd8 24.Nc6 Qxf4 25.Rxf4 Rd7 26.Re2 Rc8 27.Nd4 b4 28.Nb3 Nxb3 29.axb3 a5
30.Rc4 Rxc4 31.bxc4 a4 32.Re1 a3 33.bxa3 bxa3 34.Ra1 Ra7 35.Ra2 Kf8 36.Kg1 Ke7
37.Kf2 f6 38.exf6+ gxf6 39.Ke3 Kd6 40.h4 Kc5 41.Kd3 f5 42.Ke3 e5 43.g4 fxg4  0-1

[Event "Tula"]
[Site "Tula"]
[Date "1995.??.??"]
[Round "?"]
[White "Losev, Dmitry"]
[Black "Kozlov, Vladimir N"]
[Result "1-0"]
[WhiteElo "2350"]
[BlackElo "2255"]

1.e4 c5 2.Nf3 e6 3.d4 cxd4 4.Nxd4 Nc6 5.Nc3 a6 6.Be2 Qc7 7.O-O Nf6 8.Kh1 d6
9.f4 Be7 10.Be3 O-O 11.Qe1 Nxd4 12.Bxd4 b5 13.e5 dxe5 14.fxe5 Nd7 15.Ne4 Bb7
16.Nf6+ Nxf6 17.exf6 gxf6 18.Bd3 Rfd8 19.Bxf6 Bxf6 20.Rxf6 Rd5 21.h3 Rad8
22.Qe3 e5 23.Raf1  1-0

[Event "Tula"]
[Site "Tula"]
[Date "1995.??.??"]
[Round "?"]
[White "Losev, Dmitry"]
[Black "Shestoperov, Aleksej"]
[Result "1/2-1/2"]
[WhiteElo "2350"]
[BlackElo "2445"]

1.e4 c5 2.Nf3 e6 3.d4 cxd4 4.Nxd4 Nc6 5.Nc3 a6 6.Be2 Qc7 7.O-O Nf6 8.Kh1 Be7
9.f4 d6 10.Be3 O-O 11.Qe1 Bd7 12.Qg3 Kh8 13.Rae1 b5 14.Bd3 Nxd4 15.Bxd4 b4
16.e5 dxe5 17.Bxe5 Qa7 18.Qh3 h6 19.Ne4 Ng8 20.Qg3 f6 21.Nd6 fxe5 22.Qg6 e4
23.Rxe4 Rf5 24.Nf7+ Rxf7 25.Rxe6 Nf6 26.Rxf6 gxf6 27.Qxf7 f5 28.Qxe7 Qd4
29.Qf7 Qg7 30.Qxg7+ Kxg7 31.Re1 Kf6 32.Kg1 Bb5 33.Re3 Rc8 34.Bxb5 axb5 35.c3 Ra8
36.cxb4 Rxa2 37.Re5 Rxb2 38.Rxb5 Kg6 39.Rb8 Kh5 40.b5 Rb1+ 41.Kf2 Rb2+ 42.Kf3 Rb3+
43.Kf2 Rb2+ 44.Kf3 Rb3+ 45.Ke2 Rb2+ 46.Kd3 Rxg2 47.Rf8 Rxh2 48.Rxf5+ Kg6
49.Rf8 Rb2 50.Rb8 h5 51.b6 h4  1/2-1/2

[Event "CUB-ch sf"]
[Site "Villa Clara"]
[Date "1995.??.??"]
[Round "4"]
[White "Leyva, Ricardo"]
[Black "Vilela, Jose Luis"]
[Result "1/2-1/2"]
[WhiteElo "2300"]
[BlackElo "2425"]

1.e4 c5 2.Nf3 e6 3.d4 cxd4 4.Nxd4 Nc6 5.Nc3 Qc7 6.Be2 a6 7.O-O Nf6 8.Kh1 b5
9.Nxc6 dxc6 10.f4 Be7 11.Bd3 e5 12.fxe5 Ng4 13.Qf3 Be6 14.a4 b4 15.Ne2 h5
16.b3 Qxe5 17.Bf4 Qc5 18.a5 g5 19.Bc7 Qa7 20.Bb6 Qb8 21.Bg1 Ne5  1/2-1/2

[Event "Villa Martelli"]
[Site "Villa Martelli"]
[Date "1995.??.??"]
[Round "7"]
[White "Paglilla, Carlos"]
[Black "Arregui, Jose Luis"]
[Result "1-0"]
[WhiteElo "2400"]
[BlackElo "2305"]

1.e4 c5 2.Nf3 e6 3.d4 cxd4 4.Nxd4 Nc6 5.Nc3 Qc7 6.Be2 Nf6 7.O-O a6 8.Be3 Be7
9.f4 d6 10.a4 O-O 11.Nb3 b6 12.Qe1 Nb4 13.Rc1 Bb7 14.f5 e5 15.Qf2 Bd8 16.Bf3 d5
17.Qg3 Kh8 18.exd5 Nbxd5 19.Nxd5 Nxd5 20.Bd2 Qc4 21.Qxe5 Bf6 22.Qe4 Qc6 23.c4 Qxa4
24.Qd3 Bxb2 25.Rb1 Nc3 26.Rxb2 Bxf3 27.Qxf3 Rad8 28.Qxc3  1-0

[Event "LTU-ch"]
[Site "Vilnius"]
[Date "1995.??.??"]
[Round "3"]
[White "Slekys, Emilis"]
[Black "Ruzele, Darius"]
[Result "0-1"]
[WhiteElo "2340"]
[BlackElo "2500"]

1.e4 c5 2.Nf3 e6 3.d4 cxd4 4.Nxd4 Nc6 5.Nc3 Qc7 6.Be2 a6 7.O-O Nf6 8.Kh1 Nxd4
9.Qxd4 Bc5 10.Qd3 b5 11.f4 Bb7 12.Bf3 h5 13.e5 Ng4 14.Ne4 Rb8 15.Bxg4 hxg4
16.Nxc5 Qxc5 17.Qg3 Qxc2 18.Kg1 Qf5 19.Be3 Rc8 20.Rac1 O-O 21.Bc5 Rfe8 22.b4 Bd5
23.a3 a5 24.Rc3 axb4 25.axb4 Ra8 26.h3 gxh3 27.Qxh3 Ra2 28.Bf2 Qxh3 29.Rxh3 Rc8
30.Rh2 Rcc2 31.g3 Rab2 32.Ra1 Rxb4 33.Be1 Rxh2 34.Kxh2 Rb2+ 35.Kh3 b4 36.Rc1 b3
37.Bc3 Rf2 38.Bd4 Rd2 39.Bc3 Re2 40.Bd4 Kh7 41.Rb1 Rd2 42.Bc3 Rc2 43.Bb4 Kg6  0-1